[Event "Challenge"]
[Site "http://www.queenalice.com/game.php?id=884135"]
[Date "2011.1.10"]
[Round "-"]
[White "bmp"]
[Black "ro_reinert"]
[Result "1-0"]
[WhiteElo "1830"]
[BlackElo "959"]

1. c4 e5 2. Nc3 Bc5 3. e3 d6 4. d4 Bb4 5. Qa4+ Bd7 6. Qxb4 Nf6 7. Qxb7 Nc6 8.
Nb5 Rb8 9. Qxc7 Qe7 10. Qxd6 Qd8 11. Nc7+ Qxc7 12. Qxc7 O-O 13. dxe5 Nxe5 14.
Qxe5 Rfe8 15. Qc3 Ba4 16. Bd3 Rb6 17. b3 Bc6 18. Bb2 Bxg2 19. Ne2 Bxh1 20. O-O-O
Bf3 21. Rg1 g6 22. Nd4 Bc6 23. c5 Ra6 24. Bxa6 Bd7 25. Bb5 Re4 26. Bxd7 Nxd7 27.
c6 Nb6 28. Ne6 Rxe6 29. Qg7# 1-0

[Event "Challenge"]
[Site "http://www.queenalice.com/game.php?id=884593"]
[Date "2011.1.11"]
[Round "-"]
[White "fbta"]
[Black "bmp"]
[Result "0-1"]
[WhiteElo "1739"]
[BlackElo "1830"]

1. e4 d6 2. d4 g6 3. h3 Bg7 4. Nf3 a6 5. Bc4 b5 6. Bb3 Nf6 7. Qe2 c5 8. c3 Bb7
9. Bc2 cxd4 10. cxd4 Nc6 11. a3 e5 12. d5 Nd4 13. Nxd4 exd4 14. Bg5 O-O 15. O-O
Rc8 16. Bd3 Qb6 17. Bxf6 Bxf6 18. Nd2 Rfe8 19. Nf3 Bxd5 0-1

[Event "Challenge"]
[Site "http://www.queenalice.com/game.php?id=885349"]
[Date "2011.1.12"]
[Round "-"]
[White "bmp"]
[Black "jamba"]
[Result "1-0"]
[WhiteElo "1806"]
[BlackElo "1477"]

1. g3 Nc6 2. c4 d6 3. Nc3 g6 4. d4 Bg7 5. Nf3 Be6 6. d5 Bf5 7. dxc6 bxc6 8. Bg2
Rb8 9. Nd4 Bd7 10. Nxc6 Bxc6 11. Bxc6+ Kf8 12. O-O e6 13. Qd3 Ne7 14. Be4 c5 15.
Rd1 Bd4 16. e3 Be5 17. f4 Bf6 18. Qxd6 Qc8 19. Nd5 Rb6 20. Nxb6 axb6 21. Qxb6
Kg7 22. a4 h5 23. a5 h4 24. a6 hxg3 25. a7 gxh2+ 26. Kh1 Nf5 27. a8=Q Ng3+ 28.
Kg2 h1=Q+ 29. Rxh1 Rd8 30. Qxd8 Qxd8 31. Qxd8 Bxd8 32. Kxg3 f5 33. Ra7+ Kf6 34.
Rh8 Be7 35. b3 fxe4 36. Bb2+ Kf7 37. Rh7+ Ke8 38. Rhxe7+ Kd8 39. Rh7 g5 40. Rh8#
1-0

[Event "Let's Play Chess!"]
[Site "http://www.queenalice.com/game.php?id=887051"]
[Date "2011.1.16"]
[Round "-"]
[White "expectnomercy"]
[Black "bmp"]
[Result "1/2-1/2"]
[WhiteElo "2029"]
[BlackElo "2087"]

1. e4 c5 2. Nf3 d6 3. d4 cxd4 4. Nxd4 Nf6 5. Nc3 a6 6. Be2 e6 7. Be3 Be7 8. Qd2
O-O 9. g4 b5 10. Bf3 Bb7 11. g5 Nfd7 12. O-O-O Ne5 13. Bg2 Nc4 14. Qe2 Bxg5 15.
Rdg1 Nc6 16. Nxc6 Bxc6 17. f4 Bh6 18. Bf3 Qa5 19. Kb1 Nxb2 20. Kxb2 Qb4+ 21. Kc1
Qxc3 22. Kb1 g6 23. Bd2 Qa3 24. Bc1 Qb4+ 25. Bb2 Bg7 26. c3 Bxc3 27. Rc1 Bxb2
28. Qxb2 Qxb2+ 29. Kxb2 Rac8 30. Rhd1 Rfd8 31. Rd2 d5 32. exd5 Bxd5 33. Rxc8
Rxc8 34. Bxd5 exd5 35. Rxd5 Rc4 36. f5 Rf4 37. fxg6 hxg6 38. Rd6 a5 39. Rd5 Kf8
40. Rxb5 Rb4+ 41. Rxb4 axb4 42. Kb3 f5 43. Kxb4 Ke7 44. h4 Kd6 45. a4 Kc6 46. a5
Kb7 47. Kc4 Ka6 48. Kd4 Kxa5 49. Ke5 Kb4 50. h5 gxh5 51. Kxf5 h4 52. Kg4 h3 53.
Kxh3 1/2-1/2

[Event "Challenge"]
[Site "http://www.queenalice.com/game.php?id=889848"]
[Date "2011.1.22"]
[Round "-"]
[White "theblackfox"]
[Black "bmp"]
[Result "0-1"]
[WhiteElo "1963"]
[BlackElo "2008"]

1. e4 d6 2. d4 g6 3. Nf3 Bg7 4. Nc3 a6 5. Bf4 b5 6. e5 Nc6 7. Bd3 Nxd4 8. Nxd4
dxe5 9. Nc6 Qd6 10. Nxe5 Bxe5 11. Bg5 Bb7 12. Be4 Bxc3+ 13. bxc3 Bxe4 14. O-O
Qxd1 15. Rfxd1 Bxc2 16. Re1 O-O-O 17. h4 f6 18. Be3 e5 19. Ba7 Ne7 20. g4 Rd3
21. Rac1 Rxc3 22. g5 Nc6 23. gxf6 Nxa7 24. Rxe5 Nc6 25. Re2 Nd4 26. Re7 Be4 27.
Rxc3 Ne2+ 28. Kf1 Nxc3 29. f7 Kd8 30. Re5 Rf8 31. Re8+ Rxe8 32. fxe8=Q+ Kxe8 33.
Ke1 Ke7 34. a3 a5 35. Kd2 b4 36. axb4 axb4 37. f4 Ke6 38. Ke3 Kd5 39. Kd2 Kd4
40. Kc1 Na4 41. Kd2 b3 42. Kc1 b2+ 43. Kd2 b1=Q 44. f5 Qd3+ 45. Kc1 Qc2# 0-1

[Event "Challenge"]
[Site "http://www.queenalice.com/game.php?id=889849"]
[Date "2011.1.22"]
[Round "-"]
[White "bmp"]
[Black "theblackfox"]
[Result "1-0"]
[WhiteElo "2052"]
[BlackElo "1963"]

1. g3 d5 2. d4 Nc6 3. Nf3 Bg4 4. Bg2 Nf6 5. Ne5 Bd7 6. c4 Be6 7. O-O dxc4 8.
Nxc6 bxc6 9. Bxc6+ Bd7 10. Bxa8 Qxa8 11. f3 e6 12. e4 Bb4 13. Qc2 Bb5 14. Nc3
O-O 15. Nxb5 c6 16. Nc3 c5 17. a3 Ba5 18. dxc5 h5 19. Nb5 a6 20. Nd4 Rd8 21.
Qxc4 Rc8 22. b4 Bc7 23. Bg5 Nh7 24. Nxe6 fxe6 25. Qxe6+ Kh8 26. Qg6 a5 27. b5
Be5 28. Rad1 Kg8 29. c6 Nf8 30. Qxh5 Ne6 31. Be7 Bd4+ 32. Rxd4 Nxd4 33. Qd5+ Kh8
34. Qxd4 Rc7 35. Qd8+ Qxd8 36. Bxd8 Rc8 37. c7 a4 38. b6 g5 39. b7 Rxc7 40. Bxc7
g4 41. b8=Q+ Kg7 42. Be5+ Kg6 43. Qd6+ Kg5 44. Qf6+ Kh5 45. fxg4+ Kxg4 46. Rf4+
Kh5 47. Rh4# 1-0

[Event "Challenge"]
[Site "http://www.queenalice.com/game.php?id=896472"]
[Date "2011.2.5"]
[Round "-"]
[White "Pinehill"]
[Black "bmp"]
[Result "0-1"]
[WhiteElo "1844"]
[BlackElo "1892"]

1. e4 c5 2. c3 d5 3. exd5 Qxd5 4. d4 Nf6 5. Nf3 e6 6. Bb5+ Bd7 7. Bxd7+ Nbxd7 8.
O-O Bd6 9. Re1 O-O 10. Be3 Rfe8 11. Qc2 cxd4 12. Bxd4 e5 13. Be3 e4 14. Nd4 Ne5
15. h3 Nd3 16. Rd1 Qe5 17. g3 Nd5 18. Nd2 Nxe3 0-1

[Event "Challenge"]
[Site "http://www.queenalice.com/game.php?id=898961"]
[Date "2011.2.11"]
[Round "-"]
[White "bmp"]
[Black "Samuelfs57"]
[Result "1-0"]
[WhiteElo "1950"]
[BlackElo "1954"]

1. c4 c5 2. Nc3 Nc6 3. Nf3 Nf6 4. g3 e6 5. d4 d5 6. cxd5 exd5 7. Bg2 h6 8. O-O
c4 9. Ne5 Bd7 10. Nxd5 Nxd5 11. Bxd5 Nxe5 12. dxe5 Qb6 13. Bxc4 Rd8 14. Qb3 Qxb3
15. Bxb3 Bg4 16. Be3 b6 17. Rfc1 Rb8 18. Rc7 Bd7 19. Rd1 Rd8 20. Rdxd7 Rxd7 21.
Ba4 Ke7 22. Bxd7 f6 23. Bf5+ Kd8 24. Rd7+ Ke8 25. e6 Be7 26. Rxa7 Bd8 27. Bg6+
Kf8 28. Bxb6 1-0

[Event "Let's Play Chess!"]
[Site "http://www.queenalice.com/game.php?id=957857"]
[Date "2011.7.8"]
[Round "-"]
[White "dnptrs"]
[Black "bmp"]
[Result "0-1"]
[WhiteElo "2122"]
[BlackElo "2081"]

1. d4 Nf6 2. Nf3 e6 3. c4 Bb4+ 4. Bd2 Qe7 5. e3 Bxd2+ 6. Nbxd2 d6 7. Bd3 e5 8.
Qc2 Nc6 9. d5 Nb8 10. O-O a5 11. e4 b6 12. Rfe1 O-O 13. Re3 Na6 14. a3 Nc5 15.
Bf1 a4 16. g3 Ng4 17. Re2 f5 18. Ne1 fxe4 19. Nxe4 Bf5 20. f3 Bxe4 21. fxe4
Rxf1+ 22. Kxf1 Rf8+ 23. Kg1 Qf7 24. Ng2 Nb3 25. Rd1 Nd4 26. Qd3 Nf3+ 27. Kh1 Ne1
0-1

[Event "2381 G/10"]
[Site "http://www.queenalice.com/game.php?id=958164"]
[Date "2011.7.9"]
[Round "-"]
[White "phystutordotcom"]
[Black "bmp"]
[Result "0-1"]
[WhiteElo "2171"]
[BlackElo "2121"]

1. Nf3 d5 2. d3 Nf6 3. Nbd2 Nc6 4. g3 e5 5. e4 dxe4 6. dxe4 Bc5 7. Bg2 b6 8. c3
a5 9. Qa4 Bd7 10. Qc2 Qe7 11. O-O O-O 12. Nc4 Bc8 13. Rd1 Ng4 14. Rd2 b5 15. Na3
Rd8 16. Nxb5 Rxd2 17. Bxd2 Rb8 18. c4 Nxf2 19. Kf1 Nb4 20. Qc3 Nxe4 21. Qxe5
Nxd2+ 0-1

[Event "Challenge"]
[Site "http://www.queenalice.com/game.php?id=958169"]
[Date "2011.7.8"]
[Round "-"]
[White "bmp"]
[Black "cklasa"]
[Result "1-0"]
[WhiteElo "2201"]
[BlackElo "2293"]

1. d4 d5 2. Nf3 Nf6 3. c4 dxc4 4. Nc3 a6 5. e4 b5 6. e5 Nd5 7. a4 c6 8. axb5
Nxc3 9. bxc3 cxb5 10. Ng5 f6 11. Qf3 Ra7 12. e6 Bb7 13. Qf4 Qc8 14. d5 fxg5 15.
Qf7+ Kd8 16. Be3 Qc7 17. Bxa7 Qe5+ 18. Kd2 Bxd5 19. Be2 Bxe6 20. Qf3 Qd6+ 21.
Kc1 Bd5 22. Bxb8 Bxf3 23. Bxd6 Bxe2 24. Bb4 e5 25. Rxa6 Bxb4 26. cxb4 Kc7 27.
Re1 Kb7 28. Ra5 Bd3 29. Rxb5+ Kc6 30. Rexe5 h6 31. Rec5+ Kd7 32. Rb7+ Kd6 33.
Rxg7 Ra8 34. Ra5 Rf8 35. f3 Rb8 36. Ra4 c3 37. Raa7 Bf1 38. g3 Rxb4 39. Kc2 Kc5
40. Kxc3 Rc4+ 41. Kd2 Rd4+ 42. Ke3 Rd6 43. Rgc7+ Kb6 44. Rab7+ Ka6 45. Rb1 Bb5
46. Rc8 Bc6 47. Rcb8 Ka7 48. R8b3 Bd5 49. Ra3+ Ra6 50. Rxa6+ Kxa6 51. f4 Be6 52.
Kd4 Bd7 53. Ke5 gxf4 54. gxf4 h5 55. f5 Ka7 56. f6 Be8 57. Kd6 Bg6 58. Rb2 Bf7
59. Ke7 Bd5 60. f7 1-0

[Event "Challenge"]
[Site "http://www.queenalice.com/game.php?id=958171"]
[Date "2011.7.8"]
[Round "-"]
[White "luxitano78"]
[Black "bmp"]
[Result "0-1"]
[WhiteElo "2059"]
[BlackElo "2159"]

1. d4 Nf6 2. c4 e6 3. Nf3 Bb4+ 4. Bd2 Qe7 5. g3 Nc6 6. Bg2 Bxd2+ 7. Nbxd2 O-O 8.
O-O d6 9. Qc2 a5 10. a3 Bd7 11. e3 a4 12. Nb1 e5 13. dxe5 Nxe5 14. Nxe5 Qxe5 15.
Nc3 Bf5 16. Qe2 Ne4 17. Nxe4 Bxe4 18. f3 Bc6 19. Rac1 Rfe8 20. Rfe1 Qc5 21. Kh1
Re6 22. Qd3 Rae8 23. e4 f5 24. Rc2 b6 25. Rce2 fxe4 26. fxe4 Rf8 27. Qe3 Qxc4
28. Rc1 Qb5 29. Rec2 d5 30. e5 Ba8 31. Qd4 c5 32. Qc3 d4 33. Qe1 Rxe5 34. Qd2
Rf1+ 0-1

[Event "Let's Play Chess!"]
[Site "http://www.queenalice.com/game.php?id=958393"]
[Date "2011.7.8"]
[Round "-"]
[White "P17"]
[Black "bmp"]
[Result "0-1"]
[WhiteElo "2226"]
[BlackElo "2207"]

1. f4 d5 2. Nf3 Nf6 3. e3 Bg4 4. h3 Bxf3 5. Qxf3 e6 6. d3 Nc6 7. g4 d4 8. e4 Nd7
9. g5 Nb6 10. Bg2 Qe7 11. Bd2 Nb4 12. Na3 Qc5 13. O-O O-O-O 14. f5 e5 15. f6 g6
16. Rfc1 h6 17. c3 dxc3+ 18. Be3 cxb2 19. Bxc5 Bxc5+ 20. Kh1 Nxd3 21. Rf1 Nf2+
22. Kh2 bxa1=Q 23. Rxa1 Rd3 24. Qe2 hxg5 25. Rc1 Nxh3 26. Qg4+ Nd7 27. Bxh3
Rhxh3+ 28. Qxh3 Rxh3+ 29. Kxh3 Bxa3 30. Rf1 Nc5 31. Re1 Bb4 32. Re2 Nd7 33. Kg4
Nxf6+ 34. Kxg5 Be7 35. Kh6 Kd7 36. Kg7 Ke6 37. Rc2 Bd6 38. Rf2 Nh5+ 39. Kg8 f5
40. exf5+ gxf5 41. Kh7 Nf4 42. Kh6 e4 0-1

[Event "Let's Play Chess!"]
[Site "http://www.queenalice.com/game.php?id=958578"]
[Date "2011.7.10"]
[Round "-"]
[White "asia"]
[Black "bmp"]
[Result "1/2-1/2"]
[WhiteElo "2153"]
[BlackElo "2204"]

1. d4 Nf6 2. c4 e6 3. Nf3 Bb4+ 4. Nbd2 b6 5. a3 Bxd2+ 6. Bxd2 h6 7. g3 Bb7 8.
Bg2 O-O 9. O-O d6 10. b4 Nbd7 11. Bc3 Be4 12. Bh3 Qe7 13. Nd2 c6 14. f3 Bf5 15.
Bg2 e5 16. e4 exd4 17. Bxd4 Bg6 18. Re1 c5 19. Bc3 Rac8 20. f4 Rfd8 21. Bf3 Re8
22. Qa4 Rc7 23. Rad1 Rd8 24. Qb5 Bh5 25. Bxh5 Nxh5 26. Nf1 Nhf6 27. Ne3 Qxe4 28.
Rxd6 Qa8 29. Rdd1 Rcc8 30. Qa4 Qf3 31. Qc2 Re8 32. Rd3 Ng4 33. Nf1 Qb7 34. Qg2
Qxg2+ 35. Kxg2 Rxe1 36. Bxe1 Ngf6 37. Ne3 Ra8 38. Kf3 cxb4 39. axb4 a5 40. Ra3
a4 41. Bf2 h5 42. Nd1 Ng4 43. Bg1 Re8 44. h3 Re1 45. hxg4 Rxd1 46. Be3 Rf1+ 47.
Ke2 Rb1 48. Rxa4 hxg4 49. Ra7 Rb2+ 50. Ke1 Nf6 51. b5 Rb1+ 52. Kd2 Rb3 53. Bxb6
Ne4+ 54. Ke1 Nxg3 55. Bd4 Nf5 56. Bc5 Ne3 57. Bxe3 Rxe3+ 58. Kd2 1/2-1/2

[Event "Let's Play Chess!"]
[Site "http://www.queenalice.com/game.php?id=958579"]
[Date "2011.7.10"]
[Round "-"]
[White "asia"]
[Black "bmp"]
[Result "1-0"]
[WhiteElo "2132"]
[BlackElo "2235"]

1. d4 Nf6 2. c4 e6 3. Nf3 Bb4+ 4. Bd2 Qe7 5. g3 Nc6 6. Nc3 Bxc3 7. Bxc3 Ne4 8.
Rc1 O-O 9. Bg2 d6 10. d5 Nxc3 11. Rxc3 Nb8 12. dxe6 fxe6 13. O-O Nd7 14. Nd4 c6
15. e4 Nf6 16. Re1 Bd7 17. e5 dxe5 18. Rxe5 Qd6 19. Re1 e5 20. Nb3 Qc7 21. Rce3
Ng4 22. R3e2 Rad8 23. f3 Qb6+ 24. c5 Qa6 25. Qc2 Bf5 26. Qc3 Rd1 27. Nc1 Rxe1+
28. Rxe1 Nf6 29. Rxe5 Nd5 30. Qd4 Bg6 31. Bf1 Qa5 32. Bc4 Bf7 33. Re2 Qa4 34. b3
Qa5 35. Nd3 Qc3 36. Qe5 h6 37. f4 Qa5 38. Qd6 Rd8 39. b4 Rxd6 40. bxa5 Rd7 41.
Ne5 Rc7 42. Re1 a6 43. f5 Kh7 44. Kf2 Bg8 45. Bb3 h5 46. h4 Bf7 47. Nf3 Kg8 48.
Ng5 Rd7 49. Re5 Kf8 50. Kf3 Rd8 51. Nxf7 Kxf7 52. Ke4 Rc8 53. Bc4 Rc7 54. Bxd5+
cxd5+ 55. Rxd5 Ke7 56. Ke5 Rc8 57. Kf4 Kf6 58. a4 Rc7 59. Rd6+ Kf7 60. Kg5 Rxc5
61. Rd7+ Kf8 62. Rxb7 Rxa5 63. Kg6 Rxa4 64. Rf7+ Ke8 65. Rxg7 1-0

[Event "World's Challenge - Game 005"]
[Site "http://www.queenalice.com/game.php?id=1090097"]
[Date "2012.8.7"]
[Round "-"]
[White "MestreAylton"]
[Black "bmp"]
[Result "0-1"]
[WhiteElo "2099"]
[BlackElo "2247"]

1. Nf3 Nf6 2. d4 e6 3. c4 Bb4+ 4. Nbd2 b6 5. a3 Bxd2+ 6. Bxd2 Bb7 7. e3 O-O 8.
Be2 Ne4 9. O-O c5 10. b4 d6 11. Qc2 Nd7 12. Rfc1 f5 13. Be1 Qe7 14. dxc5 dxc5
15. b5 a5 16. a4 Rad8 17. Rd1 e5 18. Rac1 Ng5 19. Nxg5 Qxg5 20. Bf1 f4 21. exf4
exf4 22. Rd6 Bxg2 23. h4 Qg4 24. f3 Bxf3+ 25. Kh2 Ne5 26. Rxd8 Rxd8 27. Bh3 Qh5
0-1

[Event " Chess!Let's Play"]
[Site "http://www.queenalice.com/game.php?id=1090724"]
[Date "2012.8.7"]
[Round "-"]
[White "sixk3b3g"]
[Black "bmp"]
[Result "1-0"]
[WhiteElo "2318"]
[BlackElo "2258"]

1. d4 Nf6 2. c4 e6 3. g3 d5 4. Bg2 c6 5. cxd5 exd5 6. Nf3 Bd6 7. Nc3 O-O 8. O-O
Re8 9. Qd3 Na6 10. a3 Nc7 11. Nh4 h6 12. Nf5 Bf8 13. Rb1 Ne4 14. Ne3 Nd6 15. Bd2
b6 16. Rbe1 a5 17. Qc2 Ne6 18. Qd1 Nxd4 19. Qa4 Ne6 20. Qc2 d4 21. Bxc6 Bd7 22.
Bxa8 Qxa8 23. Qd3 dxc3 24. Bxc3 Nc5 25. Qd5 Bc6 26. Qh5 Nb5 27. Rd1 Nxc3 28.
bxc3 Ne4 29. c4 Bxa3 30. Nd5 Qb7 31. e3 a4 32. Rd3 1-0

[Event "Chess!Let's Play"]
[Site "http://www.queenalice.com/game.php?id=1090725"]
[Date "2012.8.7"]
[Round "-"]
[White "sixk3b3g"]
[Black "bmp"]
[Result "1/2-1/2"]
[WhiteElo "2242"]
[BlackElo "2259"]

1. e4 d6 2. d4 g6 3. c4 Nf6 4. Nc3 Bg7 5. Be2 O-O 6. f4 c5 7. Nf3 cxd4 8. Nxd4
Nc6 9. Be3 Bg4 10. Nxc6 Bxe2 11. Nxd8 Bxd1 12. Rxd1 Rfxd8 13. Ke2 Nd7 14. Bd4
Bxd4 15. Rxd4 f6 16. Rhd1 Kf7 17. b4 a5 18. a3 Rdc8 19. Rc1 Nb6 20. Nd5 Nxd5 21.
Rxd5 axb4 22. axb4 Ra2+ 23. Kf3 Ra3+ 24. Ke2 Ra2+ 25. Kf3 Ra3+ 26. Ke2 Ra2+
1/2-1/2

[Event "Let's Play Chess!"]
[Site "http://www.queenalice.com/game.php?id=1091793"]
[Date "2012.8.9"]
[Round "-"]
[White "Andre_ssp"]
[Black "bmp"]
[Result "0-1"]
[WhiteElo "1801"]
[BlackElo "2258"]

1. Nf3 Nf6 2. Nc3 d5 3. d4 Bf5 4. e3 c6 5. Bd3 Bg6 6. Bxg6 hxg6 7. Ne5 Nbd7 8.
Na4 e6 9. Bd2 Nxe5 10. dxe5 Nd7 11. Bc3 Qg5 12. g3 b5 13. Qd4 Qf5 14. O-O-O c5
15. g4 Qxf2 16. Qf4 Qxf4 17. exf4 bxa4 18. a3 Nb6 19. Be1 Nc4 20. Bf2 Rb8 21. b4
axb3 22. cxb3 Rxb3 23. h4 Rf3 24. Bg1 Rxf4 25. Rd3 Nxe5 26. Rb3 Rxg4 27. Rb7 d4
28. Rxa7 Rgxh4 29. Rxh4 Rxh4 30. Bf2 Nd3+ 0-1